| 000 | 00372cam a2200145ua 4500 | ||
|---|---|---|---|
| 003 | OSt | ||
| 008 | 241224b |||||||| |||| 00| 0 eng d | ||
| 041 | _aeng | ||
| 082 |
_a621.319 _bRAP/EL |
||
| 100 |
_aRaphael, Charles F. _96585 |
||
| 245 | _aElectric wiring of buildings / | ||
| 260 |
_aLondon : _bSir Isaac Pitman & Sons Ltd , _c1962. |
||
| 300 | _a353 ; . | ||
| 942 | _cBK | ||
| 999 |
_c1396 _d1396 |
||